| 000 | 00774nam a2200241 a 4500 | ||
|---|---|---|---|
| 003 | DO-SdBNP | ||
| 005 | 20211229092323.0 | ||
| 007 | ta | ||
| 008 | 211229e2019 dr ||||er|||| 00| 1dspa d | ||
| 020 | _a9789945614435 | ||
| 040 |
_aDO-SdBNP _bspa _cBNPHU |
||
| 082 | 4 |
_222 _bR741b |
|
| 100 | 1 |
_aRojas, Julio César _d1979-2021 _980903 |
|
| 245 | 1 | 0 |
_aEn busca del tesoro perdido / _bJulio César Rojas |
| 260 |
_aSanto Domingo : _bSantuario, _c2019 |
||
| 300 |
_a200 p, ; _c23 cm |
||
| 500 | _aIncluye datos biográficos del autor en la solapa de la portada. | ||
| 590 | _aInventariado 2021 / MF | ||
| 650 | 0 |
_950038 _aNovela de ciencia ficción _zRepública Dominicana |
|
| 650 | 0 |
_979072 _aLiteratura dominicana _xNovela ficción |
|
| 910 | _aMFéliz | ||
| 942 |
_2ddc _cLBS1 |
||
| 999 |
_c51141 _d51141 |
||